000 02468nam0a2200457 4500
001 RU\NLR\bibl\1727132
005 20260405161709.0
010 _a978-5-17-070447-7
_bАСТ
010 _a978-5-271-31370-7
_bАстрель
010 _a978-5-226-03362-9
_bВКТ
_95000
021 _aRU
_b2010-100952
_96816
035 _a(nilc)IZD\AST\2007\1033647
035 _a(NLR Aleph) 001718098
090 _a1322325
_c1322325
100 _a20101217d2010 |||y0rusy50 ca
101 0 _arus
102 _aRU
105 _aa |||||||||
200 1 _aМорковь против 65 болезней
_fОлег Мазур
210 _aМосква
_cАСТ
_cАстрель
_aВладимир
_cВКТ
_d2010 (макет 2011)
215 _a192 с.
_cил.
_d20
225 1 _aЦелительные силы природы
320 _aБиблиогр.: с. 183
330 _aМорковь - это древний забытый секрет молодости, красоты, здоровья и долголетия. Любимая с детства, морковь очищает кровь, выводит из организма вредные вещества, укрепляет желудок, нормализует обмен веществ, повышает активность внутренних органов.О.А.Мазур, известный врач-натуртерапевт, предлагает нам множество уникальных лекарственных рецептов, в основе которых морковь и морковный сок.
606 1 _aМорковь
_xЛечебное применение
_92155404
_3RU\NLR\auth\661297634
606 1 _aБлюда из моркови
_xРецептура
_92155589
_3RU\NLR\auth\661297732
686 _a51.238.1
_vLBC/RL
_2rubbk
686 _a033
_aНародная медицина. Нетрадиционные методы лечения
_2TCC-BG
686 _aР123.813.3-0
686 _aЛ992.11
686 _aР282.111Морковь
700 1 _4070
_8rus
_7ca
_aМазур
_bО. А.
_cврач-натуропат
_gОлег Анатольевич
_3RU\NLR\AUTH\7768116
_951044
801 0 _aRU
_bЛИБНЕТ
_c20101217
_gRCR
801 1 _aRU
_bЛИБНЕТ
_c20101217
801 2 _aRU
_bНБР Карелия
_c20110202
801 2 _aRU
_bNLR
_c20110126
_grcr
830 _aCODE_OF_LIBNET\000056920
942 _cBOOK
980 _aNB